Länder, die einen Buchstaben enthalten - P - Statistiken

Allgemein
  • Dieses Quiz wurde 1.715 mal gespielt
  • Das Durchschnittsergebnis liegt bei 14 aus 22
Antwortstatistiken
Hinweis Land % Korrekt
1 x P Portugal
91%
1 x P Polen
87%
2 x P Papua-Neuguinea
83%
1 x P Peru
81%
1 x P Paraguay
80%
1 x P Panama
78%
3 x P Philippinen
78%
1 x P Pakistan
77%
1 x P Palau
74%
1 x P Spanien
68%
1 x P Japan
63%
1 x P Demokratische Republik Kongo
58%
1 x P Republik Kongo
56%
1 x P Dominikanische Republik
52%
1 x P Ägypten
51%
1 x P Zentralafrikanische Republik
47%
1 x P Kap Verde
46%
1 x P Nepal
45%
1 x P Zypern
45%
1 x P Äthiopien
42%
1 x P Singapur
40%
2 x P São Tomé und Príncipe
36%
Keine übereinstimmenden Quizze gefunden
Verteilung der Resultate
Anzahl Personen mit jedem Resultat
Perzentil nach korrekt beantworteten Fragen
Ihre Resultats-Entwicklung
Sie haben dieses Quiz noch nicht gespielt